Регионална библиотека "Любен Каравелов" - Русе

Будният ум (Запис номер 439955)

MARC детайли
000 -Лидер
Контролно поле с фиксирана дължина 01477nam a2200337 a 4500
003 - Код на организацията, давaща контролен номер
Контролно поле BLK
005 - Дата и час на последна редакция
Контролно поле 20250405101016.0
008 - Елементи от данни с фиксирана дължина
fixed length control field 211214b bul|||||r ||||||| ||bul||
020 ## - Международен стандартен номер на книга ISBN
Международен стандартен номер на книга ISBN 9789547695191
040 ## - Източник на каталожния запис
Идентификатор на билиотеката - собственик на записа BLK
041 ## - Код за език
Код за езика на текст/звукозапис или на отделно заглавие Български
Код за езика КДБФ Български
080 ## - УДК
Текстов определител УДК Нервна система. Сетивни органи
УДК код - определител по УДК 612.8
УДК - код + определител 612.8
080 ## - УДК
Текстов определител УДК Развитие на психиката и способностите. Сравнителна психология
УДК код - определител по УДК 159.92
УДК - код + определител 159.92
100 1# - Редна дума - Автор
Автор Гупта, Санджей
Авторска отговорност първи автор
R(LIN) 327625
139 ## - Редно поле
Редна дума Гупта, Санджей и др.
Авторски знак Гул - Г 92
245 10 - Сведения за заглавието
Заглавие Будният ум
Подзаглавни данни Как да развиваме ума си на всяка възраст
Редно поле (дума) Санджей Гупта, Кристин Лобърг; прев. от англ. Надежда Розова.
257 ## - Страна на издаване
Страна на създаване/издаване Съединени американски щати
260 ## - Област на издателските данни
Място на издаване, разпространение и проч. София
Име на издателя, разпространителя и проч. Обсидиан
Година на издаване 2021
9 (RLIN) 209460
Издателство - префикс ISBN 978-954-769- ; 954-8240-
300 ## - Физическа характеристика
Страници 399 с.
Размери/Мащаб 20 см
380 ## - Жанр
Жанр Медицина
500 ## - Общи забележки
Забележка Ориг. загл. Keep sharp : build a better brain at any age/ Sanjay Gupta.
650 #7 - Допълнително описание по предмет – тема
9 (RLIN) 162609
Основно описание – тема или топоним Мозък - функции
653 #7 - Ключова дума – ненормативна
Ключова дума контрол на ума
9 (RLIN) 189112
700 1# - Други автори (авторска отговорност)
Лично име Лобърг, Кристин
Автороска отговорност (Описва отношението между автора и произведението) съавт.
9 (RLIN) 89323
700 ## - Други автори (авторска отговорност)
Лично име Розова, Надежда Иванова
9 (RLIN) 366022
852 ## - Местоположение
Форматна сигнатура Цб 313137
Фондова буква Хранилище
856 4# - Електронен адрес и достъп
Електронен формат pdf - файл
856 4# - Електронен адрес и достъп
Електронен формат pdf - файл
999 ## - СИСТЕМНИ КОНТРОЛНИ НОМЕРА
Koha biblionumber 439955
Koha biblioitemnumber 439955
942 ## - АРТИКУЛИ
Вид на библиотечния материал Книги
Скрит в OPAC Не
Koha issues (borrowed), all copies 37
Периодичен библиозапис Да
944 ## - СЪЗДАВАНЕ И РЕДАКЦИЯ на ЗАПИСА
Създаване/Редакция Създаване
Дата на регистрацията/редакция 2021-12-14
Служител, извършил регистрацията/редакцията 30575
Статус, дата на статуса Мартин Енчев
Наличности
Код за отписване Код за изгубен артикул Източник на класификационната схема Код за повреда Коз за рестрикции Код за отдаване Артикулен № Име на библиотеката - собственик Име на библиотеката, в която се намира в момента Статус (Текущо местоположение) Дата на вписване в системата Местоположение - отдел Цена в лева Систематично азбучна сигнатура Баркод Цена в евро Служебен тип на артикула
  Не е изгубен Universal Decimal Classification Не е повреден без рестрикции заемане за дома 865583 Регионална библиотека "Любен Каравелов" Русе Регионална библиотека "Любен Каравелов" Русе Заемна - подръчен фонд 2021-12-17 Заемна - подръчен фонд 15.00 612.8/Г 92 С 120000863299 7.67 Книги
  Не е изгубен Universal Decimal Classification Не е повреден само за читалня ползва се в читалня 901391 Регионална библиотека "Любен Каравелов" Русе Регионална библиотека "Любен Каравелов" Русе Хранилище 2022-08-23 Хранилище 20.00 Цб 313137 120000874654 10.23 Книги
Vip Innovations Ltd, Rousse, Bulgaria 2025